| 000 | 00861nam a2200241 a 4500 | ||
|---|---|---|---|
| 001 | 000035785 | ||
| 005 | 20200930074617.0 | ||
| 008 | 111110s200u dr a 000 0 spa d | ||
| 040 |
_aDO-SdBNP _bspa _cBNPHU |
||
| 082 |
_a248.4 _bA162a |
||
| 100 | 1 |
_aAbreu, José _952965 |
|
| 245 | 1 | 3 |
_aLa agenda del líder : _bpara reuniones interactivas / _cJosé Abreu, Daniel Durán, Sergio Rubio ; editor Laura Durán. |
| 260 |
_aSanto Domingo : _bVíctor del Rosario Galvá, _c[200?]. |
||
| 300 |
_a118 p. : _bil. ; _c22 cm. |
||
| 590 | _aInventariado, 2018/BT | ||
| 650 | 4 |
_aVida cristiana _xGuías _961728 |
|
| 650 | 4 |
_aFormación espiritual _96471 |
|
| 650 | 4 |
_aVida espiritual _xCristianismo _xGuías _961729 |
|
| 700 | 1 | 2 |
_aDurán, Daniel _9893 |
| 700 | 1 | 2 |
_aRubio, Sergio _961730 |
| 700 | 1 | 2 |
_aDurán, Laura, _eed. _961731 |
| 910 | _aValidado. Control de calidad. EMS | ||
| 999 |
_c35276 _d35276 |
||